1326 1734 1773 1761 1729 1475 1880 1857 1738 1544 1543 1683 1952 1061 1284 1952 1648 1695 1623 1995 1443 1451 1144 1879 1159 1634 1922 1164 1849 1432 1327 1743 1068 1395 1894 1043 1861 1659 1801 1888 1960 1663 1838 1754 1053 1819 1569 1356 2000 1328 1141 1229 1866 1006 1425 1627 1415 1265 1117 1938 1205 1551 1318 1412 1658 1210 1112 1802 1327 1644 1703 1137 1561 1370 1421 1848 1064 1401 1305 1701 1554 1763 1351 1643 1374 1431 1558 1194 1971 1796 1872 1018 1043 1319 1234 1312 1931 1453 1640 BCNSPRNW ULIB Ver.6.0+V

เปลี่ยนเป็นภาษาไทย

Change to English
 แสดงรายละเอียดบรรณานุกรม
  กลับหน้าหลัก

Brief Record : Get Marc (ISO 2709) : E-mail record : QR code < ปิดหน้าต่าง
LEADER : 00000nam 2200000uu 4500
001    13399125194
003     ULIB
008    161108s2549||||th 000 0 tha d
020    ^a9747645572
099 04 ^aวจ.WO185^bด171ก 2554
100 0  ^aดวงดาว อุบลแย้ม
245 10 ^aการพัฒนาและทดสอบประสิทธิภาพของสื่อการเรียนการสอน เรื่อง หลักการและเทคนิคการดูแลบาดแผล ด้วยระบบการจัดการการเรียนการสอนออนไลน์ Atutor สำหรับนักศึกษาพยาบาลศาสตร์ชั้นปีที่ 2=^bA Delopment and Testing for Efficiency of the E-learning Instructional Media on Principle and Technique of Wound Care Using Atutor Learning Management System /^cดวงดาว อุบลแย้ม
300    ^a94หน้า :^bภาพประกอบ ;^c21 ซม.
945    ^p0^l0^i001470
999    ^aวรรณษา ชูชัยมงคล
รายการนี้ยังไม่มีแท็ก
คุณยังไม่ได้ล็อกอิน คุณสามารถมีกิจกรรมร่วมกับเว็บไซต์ได้ แต่ต้องล็อกอินก่อน ::
  ล็อกอิน

รายการสื่อสารสนเทศ

ลำดับที่ ประเภท เลขเรียก/บาร์โค้ด สถานที่ สถานะ
1. งานวิจัย
งานวิจัย
วจ.WO185 ด171ก 2554 ฉ.1 
  Barcode: 001470
ห้องสมุดวิทยาเขตสวรรค์ประชารักษ์
►วิจัย
บนชั้น

BibComment


ยังไม่เคยถูกคอมเมนท์

คอมเมนท์ทรัพยากรรายการนี้
  คอมเมนท์: การพัฒนาและทดสอบ..


 Copyright 2026. Bcnsprnw @Library